000
00297nam a22001337a 4500
008
170227b xxu||||| |||| 00| 0 eng d
020
_a
9781741622218
041
_a
eng
080
_a
617
100
_a
5
101
_a
SHK
245
_a
ORAL HEALTH THERAPY PROGRAMS
_c
TSANG.A.KL
942
_2
udc
_c
BK
999
_c
6293
_d
6293